[Event "Stuttgarter Stadtmeisterschaft A-Turnie"]
[Site "Ditzingen"]
[Date "2009.05.21"]
[Round "3.9"]
[White "Wettengel, Alexander"]
[Black "Chetverik, Maxim"]
[Result "1/2-1/2"]
[WhiteElo "2074"]
[BlackElo "2323"]
[PlyCount "94"]
[EventDate "2009.??.??"]

1. e4 Nf6 2. e5 Nd5 3. c4 Nb6 4. c5 Nd5 5. Nc3 c6 6. d4 d6 7. cxd6 exd6 8. Nxd5
cxd5 9. Nf3 Nc6 10. Be2 Be7 11. O-O O-O 12. Bf4 Bg4 13. h3 Bh5 14. Qd2 Re8 15.
Rad1 Rc8 16. Rc1 f6 17. exd6 Bxd6 18. Bxd6 Qxd6 19. g4 Bg6 20. Nh4 Be4 21. Bb5
g5 22. f3 gxh4 23. fxe4 Rxe4 24. Rf3 Kg7 25. Bxc6 bxc6 26. Qf2 Rce8 27. Qxh4
Rxd4 28. Qf2 Rde4 29. Rf1 Re2 30. Rxf6 Rxf2 31. Rxd6 Rxb2 32. Rf2 Re1+ 33. Kg2
Rxf2+ 34. Kxf2 Rc1 35. Kg3 Rc4 36. g5 a5 37. h4 h5 38. gxh6+ Kh7 39. a4 Rxa4
40. Rxc6 Rc4 41. Rd6 Rd4 42. Kf3 a4 43. Ke3 Re4+ 44. Kd2 a3 45. Ra6 Rxh4 46.
Rxa3 Rh2+ 47. Kc3 Kxh6 1/2-1/2

[Event "Stuttgarter Stadtmeisterschaft A-Turnie"]
[Site "Ditzingen"]
[Date "2009.05.21"]
[Round "3.10"]
[White "Weber, Tom"]
[Black "Scheeff, Volker"]
[Result "1-0"]
[WhiteElo "2315"]
[BlackElo "2111"]
[PlyCount "55"]
[EventDate "2009.??.??"]

1. e4 e6 2. d4 d5 3. Nc3 Bb4 4. e5 c5 5. Qg4 Ne7 6. dxc5 Nbc6 7. Nf3 d4 8. Bb5
Qa5 9. Bxc6+ Nxc6 10. Qxg7 Rf8 11. Bh6 Bxc5 12. O-O-O dxc3 13. Rd6 Bxd6 14.
exd6 Nb4 15. Qxf8+ Kd7 16. bxc3 Nxa2+ 17. Kb2 Qxc3+ 18. Kxa2 Qxc2+ 19. Ka1 Qc3+
20. Kb1 Qb3+ 21. Kc1 Qc3+ 22. Kd1 Kc6 23. Qg7 Qd3+ 24. Kc1 Qc4+ 25. Kd2 Qa2+
26. Kd3 Qa6+ 27. Ke3 Qa3+ 28. Kf4 1-0

[Event "Stuttgarter Stadtmeisterschaft A-Turnie"]
[Site "Ditzingen"]
[Date "2009.05.21"]
[Round "3.11"]
[White "Steinhart, Christoph"]
[Black "Schuh, Dirk"]
[Result "1/2-1/2"]
[WhiteElo "2013"]
[BlackElo "2313"]
[PlyCount "65"]
[EventDate "2009.??.??"]

1. e4 e6 2. d4 d5 3. Nd2 Be7 4. c3 c5 5. dxc5 Bxc5 6. Nb3 Bb6 7. exd5 exd5 8.
Nf3 Nf6 9. Be2 O-O 10. O-O Nc6 11. Bg5 Be6 12. Qd3 h6 13. Bh4 g5 14. Bg3 Ne4
15. Nfd4 Qf6 16. Rad1 Rad8 17. h3 Bc8 18. Bh2 Ne5 19. Qc2 Ng6 20. Bd3 Nd6 21.
Bxd6 Qxd6 22. Nf5 Bxf5 23. Bxf5 Nh4 24. Nd4 Rfe8 25. Bh7+ Kg7 26. Nf5+ Nxf5 27.
Bxf5 Re5 28. Bg4 Rde8 29. Qb3 Qc5 30. Rd4 Re1 31. Qxd5 Qe7 32. Rd1 Bxf2+ 33.
Kh1 1/2-1/2

[Event "Stuttgarter Stadtmeisterschaft A-Turnie"]
[Site "Ditzingen"]
[Date "2009.05.21"]
[Round "3.12"]
[White "Eisenbeiser, Amadeus"]
[Black "Rudhart, Michael"]
[Result "1-0"]
[WhiteElo "2406"]
[BlackElo "1908"]
[PlyCount "55"]
[EventDate "2009.??.??"]

1. e4 c5 2. c4 Nc6 3. Ne2 e6 4. Nbc3 Nf6 5. d4 cxd4 6. Nxd4 Bc5 7. Nxc6 bxc6 8.
e5 Ng8 9. Qg4 g6 10. a3 Qc7 11. Bf4 d5 12. exd6 Bxd6 13. Bxd6 Qxd6 14. Rd1 Qe5+
15. Be2 f5 16. Qf3 Ne7 17. O-O O-O 18. Rfe1 Qb8 19. Rd2 e5 20. Qe3 f4 21. Qc5
Qc7 22. Bf3 Rf5 23. Nb5 e4 24. Nxc7 Rxc5 25. Nxa8 Rxc4 26. Bxe4 Bf5 27. Bxf5
Nxf5 28. Rd7 1-0

[Event "Stuttgarter Stadtmeisterschaft A-Turnie"]
[Site "Ditzingen"]
[Date "2009.05.21"]
[Round "3.13"]
[White "Jurasin, Marin"]
[Black "Gschnitzer, Oswald"]
[Result "0-1"]
[WhiteElo "2105"]
[BlackElo "2429"]
[PlyCount "106"]
[EventDate "2009.??.??"]

1. Nf3 c5 2. c4 Nc6 3. e3 e5 4. Nc3 Nf6 5. Be2 d5 6. cxd5 Nxd5 7. O-O Nc7 8. b3
Be7 9. Bb2 O-O 10. Rc1 Bf5 11. Nb5 e4 12. Ne1 Nxb5 13. Bxb5 Qb6 14. Bc4 Rad8
15. f3 Nb4 16. a3 Nd3 17. Nxd3 exd3 18. Bc3 Rd6 19. b4 Rh6 20. b5 Bd6 21. g3
Qc7 22. f4 Qd7 23. Rf2 Be4 24. Qf1 Qg4 25. Rg2 Qg6 26. g4 Bxg2 27. Qxg2 Rd8 28.
Bd5 Rh4 29. Bf3 Be7 30. Be5 Qe6 31. Qg3 h6 32. f5 Qa2 33. Qf2 g5 34. f6 Bd6 35.
Bg3 Qb2 36. Rf1 Qxf6 37. Qg2 Qe7 38. Bxh4 gxh4 39. Bxb7 Kg7 40. Qf3 f6 41. a4
Qe5 42. Qf4 Qxf4 43. exf4 c4 44. Kg2 Bb4 45. Re1 Bxd2 46. Re7+ Kf8 47. Rc7 c3
48. a5 c2 49. b6 c1=Q 50. Rxc1 Bxc1 51. bxa7 d2 52. Bf3 d1=Q 53. Bxd1 Be3 0-1

[Event "Stuttgarter Stadtmeisterschaft A-Turnie"]
[Site "Ditzingen"]
[Date "2009.05.21"]
[Round "3.14"]
[White "Raupp, Thomas"]
[Black "Imhof, Thomas"]
[Result "0-1"]
[WhiteElo "2311"]
[BlackElo "2120"]
[PlyCount "62"]
[EventDate "2009.??.??"]

1. d4 Nf6 2. c4 e6 3. Nc3 d5 4. cxd5 exd5 5. Bg5 Be7 6. e3 O-O 7. Bd3 b6 8.
Nge2 Bb7 9. O-O Nbd7 10. Rc1 c5 11. Re1 Nh5 12. Bxe7 Qxe7 13. Bb1 Nhf6 14. dxc5
bxc5 15. Nf4 Nb6 16. Na4 Nbd7 17. Qb3 Rab8 18. Qa3 Rbc8 19. Nd3 Ne4 20. f3 Nd2
21. Qc3 Nxb1 22. Rxb1 Ba6 23. Nf4 Qd6 24. Rbd1 d4 25. Qd2 Ne5 26. b3 Rfd8 27.
Nb2 d3 28. e4 Qd4+ 29. Re3 c4 30. bxc4 Rb8 31. Nfxd3 Rxb2 0-1

[Event "Stuttgarter Stadtmeisterschaft A-Turnie"]
[Site "Ditzingen"]
[Date "2009.05.21"]
[Round "3.15"]
[White "Nabavi, Parwis"]
[Black "Wiley, Tom E"]
[Result "1/2-1/2"]
[WhiteElo "2126"]
[BlackElo "2303"]
[PlyCount "107"]
[EventDate "2009.??.??"]

1. d4 Nf6 2. c4 e6 3. Nf3 b6 4. g3 Ba6 5. b3 b5 6. cxb5 Bxb5 7. Bg2 Bc6 8. O-O
h6 9. Nc3 Bb4 10. Qc2 Qc8 11. Bb2 O-O 12. Rac1 a5 13. Rfd1 Na6 14. a3 Bxc3 15.
Bxc3 a4 16. bxa4 Be4 17. Qd2 Nd5 18. Ne1 Bxg2 19. Nxg2 f5 20. Ne1 Nb8 21. a5
Nc6 22. Nd3 Rf7 23. Nb4 Nce7 24. Nxd5 Nxd5 25. e3 c6 26. Bb4 g5 27. f3 Nf6 28.
h3 Qb8 29. g4 Nd5 30. Qh2 Qxh2+ 31. Kxh2 Nxe3 32. Rd3 Nd5 33. Rb1 Kh7 34. Rdb3
Kg6 35. Bd2 Rff8 36. Kg3 fxg4 37. hxg4 Nf4 38. Kf2 h5 39. gxh5+ Nxh5 40. Rb7
Nf6 41. Ke2 Rh8 42. Rg1 Rh5 43. Kd3 Kf5 44. Kc4 e5 45. dxe5 Kxe5 46. Rxg5+ Rxg5
47. f4+ Ke6 48. fxg5 Ne4 49. Bb4 Nxg5 50. Kc5 Ra6 51. Rb6 Ra8 52. Rb7 Ra6 53.
Rb6 Ra8 54. Rb7 1/2-1/2

[Event "Stuttgarter Stadtmeisterschaft A-Turnie"]
[Site "Ditzingen"]
[Date "2009.05.21"]
[Round "3.16"]
[White "Krockenberger, Martin"]
[Black "Heining, Thomas"]
[Result "1-0"]
[WhiteElo "2216"]
[BlackElo "2074"]
[PlyCount "85"]
[EventDate "2009.??.??"]

1. Nf3 Nf6 2. c4 g6 3. Nc3 Bg7 4. e4 d6 5. d4 O-O 6. Be2 e5 7. O-O Nc6 8. d5
Ne7 9. b4 Nh5 10. Re1 f5 11. Ng5 Nf6 12. Bf3 c6 13. b5 cxd5 14. cxd5 h6 15. Ne6
Bxe6 16. dxe6 fxe4 17. Nxe4 Nxe4 18. Bxe4 d5 19. Ba3 dxe4 20. Qxd8 Rfxd8 21.
Bxe7 Re8 22. Bc5 Rxe6 23. Rxe4 a6 24. b6 Rc6 25. Be3 Rd8 26. g4 Rd5 27. Kg2 Kh7
28. Rc1 Rxc1 29. Bxc1 Bf8 30. Be3 Bc5 31. Rc4 Bxe3 32. Rc7+ Kg8 33. fxe3 Rd2+
34. Kf3 Rxa2 35. Ke4 Rb2 36. Rxb7 Rb5 37. h4 a5 38. Kd3 a4 39. Kc4 Rb1 40. Kc5
Rc1+ 41. Kb5 Re1 42. Ra7 Rb1+ 43. Kc5 1-0

[Event "Stuttgarter Stadtmeisterschaft A-Turnie"]
[Site "Ditzingen"]
[Date "2009.05.21"]
[Round "3.17"]
[White "Bogenschütze, Paul jr"]
[Black "Schulte, Torsten"]
[Result "1-0"]
[WhiteElo "2067"]
[BlackElo "2201"]
[PlyCount "109"]
[EventDate "2009.??.??"]

1. e4 e5 2. Nf3 Nc6 3. Bb5 Nf6 4. O-O Nxe4 5. Qe2 Nd6 6. Bxc6 dxc6 7. Qxe5+ Qe7
8. Qa5 Nc4 9. Qc3 Qb4 10. Re1+ Be6 11. Ng5 Qxc3 12. Nxc3 Kd7 13. Nxe6 fxe6 14.
Ne4 b6 15. b3 Nd6 16. Ng5 Re8 17. Bb2 h6 18. Nf3 Nf7 19. Re2 Rg8 20. Rae1 Bd6
21. a3 c5 22. d3 Re7 23. a4 a6 24. Nh4 Ree8 25. Ng6 Nd8 26. h4 Nc6 27. Bc3 Nd4
28. Bxd4 cxd4 29. Re4 c5 30. h5 Bc7 31. f4 Bd6 32. g3 Bc7 33. Kg2 Bd6 34. Kf3
Bc7 35. R1e2 Bd6 36. g4 Bc7 37. g5 Bd6 38. Kg4 Bc7 39. f5 exf5+ 40. Kxf5 hxg5
41. Kxg5 Rxe4 42. Rxe4 Re8 43. Rxe8 Kxe8 44. Nh8 a5 45. Kg6 Kf8 46. Nf7 Bg3 47.
Ng5 Kg8 48. Ne6 Be5 49. Kf5 Bg3 50. Ng5 Kf8 51. Ke6 Bf4 52. Nf3 Ke8 53. Nh4 Bg5
54. Nf5 Bf6 55. h6 1-0

[Event "Stuttgarter Stadtmeisterschaft A-Turnie"]
[Site "Ditzingen"]
[Date "2009.05.21"]
[Round "3.18"]
[White "Fiderer, Lukas"]
[Black "Zimmermann, Ulrich"]
[Result "1-0"]
[WhiteElo "2153"]
[BlackElo "1891"]
[PlyCount "55"]
[EventDate "2009.??.??"]

1. e4 Nf6 2. e5 Nd5 3. c4 Nb6 4. d4 d6 5. exd6 exd6 6. Nc3 Be7 7. Bd3 Nc6 8.
Nge2 Bg4 9. f3 Bh5 10. O-O O-O 11. Nf4 Bg6 12. Bxg6 hxg6 13. b3 Bf6 14. Be3 Ne7
15. Qd3 Nf5 16. Bf2 c6 17. Rfe1 Bh4 18. g3 Bg5 19. Ng2 d5 20. c5 Nd7 21. b4 b6
22. b5 bxc5 23. dxc5 d4 24. Ne4 Ne5 25. Qd1 Be3 26. g4 Nh4 27. Nxh4 Qxh4 28.
Rxe3 1-0

[Event "Stuttgarter Stadtmeisterschaft A-Turnie"]
[Site "Ditzingen"]
[Date "2009.05.21"]
[Round "3.20"]
[White "Schömbs, Oliver"]
[Black "Lubbe, Nikolas"]
[Result "0-1"]
[WhiteElo "1808"]
[BlackElo "2369"]
[PlyCount "108"]
[EventDate "2009.??.??"]

1. d4 Nf6 2. c4 c5 3. d5 e6 4. Nc3 exd5 5. cxd5 d6 6. e4 g6 7. h3 Bg7 8. Nf3
O-O 9. Bd3 a6 10. a4 Nbd7 11. O-O Qe7 12. Nd2 Nh5 13. Nc4 Ne5 14. Nb6 Nxd3 15.
Qxd3 Rb8 16. g4 Nf6 17. Bg5 Qc7 18. a5 Nd7 19. Nxd7 Bxd7 20. Bf4 Rbd8 21. Qg3
Bb5 22. Rfb1 Rfe8 23. Kg2 Qe7 24. Re1 g5 25. Bd2 h6 26. Ra2 Bc4 27. Ra4 Bb5 28.
Ra2 Bd4 29. Nxb5 axb5 30. Bc3 Qf6 31. Bxd4 Qxd4 32. Qc3 Rxe4 33. Qxd4 Rxd4 34.
Re7 Rb8 35. a6 bxa6 36. Rxa6 Rxd5 37. Raa7 Rf8 38. h4 Rd4 39. Kg3 Kg7 40. Re6
gxh4+ 41. Kxh4 b4 42. Rd7 Rd8 43. Rb7 Rd2 44. f4 Rxb2 45. f5 Rf8 46. Rxd6 c4
47. Kh3 c3 48. g5 hxg5 49. Rg6+ Kh7 50. Rxg5 c2 51. Rh5+ Kg7 52. f6+ Kg6 53.
Rbb5 c1=Q 54. Rhg5+ Qxg5 0-1

[Event "Stuttgarter Stadtmeisterschaft A-Turnie"]
[Site "Ditzingen"]
[Date "2009.05.21"]
[Round "3.21"]
[White "Vuckovic, Aleksandar"]
[Black "Büter, Norbert"]
[Result "1-0"]
[WhiteElo "2326"]
[BlackElo "2074"]
[PlyCount "63"]
[EventDate "2009.??.??"]

1. e4 d6 2. d4 g6 3. h4 Nf6 4. Nc3 c6 5. Be2 b5 6. a3 Nbd7 7. g4 Nb6 8. g5 Nfd7
9. Nf3 a6 10. Bf4 Bb7 11. h5 gxh5 12. Rxh5 Bg7 13. Nh4 c5 14. d5 Nc4 15. Bxc4
bxc4 16. Nf5 Be5 17. Bxe5 Nxe5 18. f4 Ng6 19. Qf3 e5 20. dxe6 fxe6 21. Ng7+ Kf7
22. Nxe6 Kxe6 23. f5+ Kd7 24. fxg6 hxg6 25. Rxh8 Qxh8 26. Qf7+ Kc6 27. O-O-O
Qe5 28. Nd5 Rc8 29. Ne7+ Kb6 30. Nxc8+ Bxc8 31. Qxg6 Be6 32. Qf6 1-0

[Event "Stuttgarter Stadtmeisterschaft A-Turnie"]
[Site "Ditzingen"]
[Date "2009.05.21"]
[Round "3.22"]
[White "Keller, Harald"]
[Black "Kabisch, Thilo"]
[Result "0-1"]
[WhiteElo "2053"]
[BlackElo "2297"]
[PlyCount "136"]
[EventDate "2009.??.??"]

1. e4 c5 2. Nc3 Nc6 3. g3 g6 4. Bg2 Bg7 5. d3 e6 6. f4 Nge7 7. Nf3 d6 8. O-O
O-O 9. Be3 Nd4 10. Qd2 Rb8 11. Rab1 Qc7 12. Ne2 Nxf3+ 13. Bxf3 b6 14. h4 Bb7
15. h5 f5 16. hxg6 hxg6 17. Nc3 d5 18. exd5 Nxd5 19. Nxd5 Bxd5 20. Bxd5 exd5
21. Qg2 Qf7 22. Qf3 d4 23. Bf2 Qxa2 24. Ra1 Qf7 25. Rfe1 Qb7 26. Qxb7 Rxb7 27.
Ra6 Rd8 28. b3 Kf7 29. Rea1 Rdd7 30. Kf1 Bf8 31. Be1 Bd6 32. Bd2 Re7 33. Kf2
Ke6 34. Rh1 Rh7 35. Raa1 a5 36. Kg2 Rh5 37. Rae1+ Kf7 38. Rxh5 gxh5 39. Kf3 Re7
40. Rh1 Kg6 41. Rh2 Re6 42. Rh1 Be7 43. Rh2 Bf6 44. Rh1 Re8 45. Rh2 Ra8 46. Re2
b5 47. Re1 a4 48. bxa4 bxa4 49. Ra1 Kf7 50. Bc1 Ke6 51. Ba3 Kd5 52. Rb1 Kc6 53.
Re1 Kd6 54. Rb1 Bd8 55. Rh1 Ba5 56. Rxh5 Bb4 57. Bb2 Ke6 58. Rh6+ Kf7 59. Rb6
a3 60. Ba1 a2 61. Rh6 Bc3 62. Rh1 Rb8 63. Bxc3 dxc3 64. Ra1 Rb2 65. Ke3 Rxc2
66. d4 c4 67. d5 Rb2 68. Kd4 c2 0-1

[Event "Stuttgarter Stadtmeisterschaft A-Turnie"]
[Site "Ditzingen"]
[Date "2009.05.21"]
[Round "3.23"]
[White "Probst, Alexander"]
[Black "Braun, Peter"]
[Result "1/2-1/2"]
[WhiteElo "2048"]
[BlackElo "2254"]
[PlyCount "93"]
[EventDate "2009.??.??"]

1. e4 c5 2. Nf3 e6 3. d4 cxd4 4. Nxd4 a6 5. c4 Nf6 6. Bd3 Nc6 7. Nxc6 dxc6 8.
O-O e5 9. Bg5 Be7 10. Nc3 O-O 11. Qf3 Re8 12. h3 Nd7 13. Be3 Bc5 14. Rad1 Qe7
15. Bc1 Nf8 16. Ne2 Ne6 17. Qg3 f6 18. Kh1 Nd4 19. Nxd4 Bxd4 20. b3 Be6 21. f4
Kh8 22. f5 Bf7 23. Qh4 b5 24. g4 Rad8 25. g5 Bc5 26. g6 Bg8 27. cxb5 axb5 28.
a4 Qb7 29. Bc2 Qc7 30. b4 Bf8 31. axb5 cxb5 32. Bb3 h6 33. Bxg8 Kxg8 34. Qg3
Qc6 35. Qf3 Bxb4 36. Be3 Bc3 37. Bb6 Rxd1 38. Rxd1 Bd4 39. Ba5 Ra8 40. Bd2 Ra1
41. Rxa1 Bxa1 42. Qa3 Qxe4+ 43. Kh2 Bd4 44. Qb3+ Kh8 45. Qxb5 Qa8 46. Qd7 Qg8
47. Qe7 1/2-1/2

[Event "Stuttgarter Stadtmeisterschaft A-Turnie"]
[Site "Ditzingen"]
[Date "2009.05.21"]
[Round "3.24"]
[White "Dudek, Richard"]
[Black "Körber, Thomas"]
[Result "1-0"]
[WhiteElo "2254"]
[BlackElo "2070"]
[PlyCount "63"]
[EventDate "2009.??.??"]

1. e4 c5 2. Nc3 Nc6 3. g3 g6 4. Bg2 Bg7 5. d3 e6 6. Be3 Nd4 7. Nce2 Ne7 8. c3
Nxe2 9. Nxe2 Qc7 10. O-O O-O 11. f4 d6 12. g4 f5 13. Ng3 Bd7 14. Rf2 Rab8 15.
h4 b5 16. a3 a5 17. h5 b4 18. axb4 axb4 19. hxg6 hxg6 20. gxf5 exf5 21. exf5
gxf5 22. d4 bxc3 23. bxc3 c4 24. Nh5 d5 25. Bf3 Rb6 26. Rg2 Rg6 27. Rxg6 Nxg6
28. Bxd5+ Kh7 29. Qf1 Bb5 30. Nxg7 Kxg7 31. Be6 Qe7 32. d5 1-0

[Event "Stuttgarter Stadtmeisterschaft A-Turnie"]
[Site "Ditzingen"]
[Date "2009.05.21"]
[Round "3.25"]
[White "Wenner, Tobias"]
[Black "Maier, Armin"]
[Result "0-1"]
[WhiteElo "2202"]
[BlackElo "2066"]
[PlyCount "82"]
[EventDate "2009.??.??"]

1. Nf3 c5 2. c4 Nf6 3. Nc3 Nc6 4. e3 d6 5. h3 g6 6. Be2 Bg7 7. O-O O-O 8. d4
Nd7 9. d5 Nce5 10. Nd2 Nf6 11. f4 Ned7 12. e4 e6 13. g4 exd5 14. exd5 Ne8 15.
Nf3 a6 16. Qc2 Rb8 17. Bd2 b6 18. Ne4 b5 19. Bc3 bxc4 20. Bxg7 Nxg7 21. Nxd6
Qf6 22. Nxc4 Qxf4 23. Kg2 Bb7 24. Rad1 Qc7 25. d6 Qc6 26. Na5 Qb6 27. Nxb7 Rxb7
28. Rd2 Ne6 29. Bc4 Re8 30. Kg1 a5 31. Re1 Ndf8 32. Qa4 Nd4 33. Rf1 Rd8 34. Ne5
Nfe6 35. d7 Rf8 36. Bd5 Rc7 37. Rxd4 cxd4 38. Rxf7 d3+ 39. Kh2 Rc2+ 40. Kg3
Qg1+ 41. Kh4 Qe1+ 0-1

[Event "Stuttgarter Stadtmeisterschaft A-Turnie"]
[Site "Ditzingen"]
[Date "2009.05.21"]
[Round "3.26"]
[White "Jovalekic, Oliver"]
[Black "Pogan, Nikolas"]
[Result "1/2-1/2"]
[WhiteElo "2175"]
[BlackElo "2050"]
[PlyCount "69"]
[EventDate "2009.??.??"]

1. e4 c6 2. Nc3 d5 3. Nf3 dxe4 4. Nxe4 Nd7 5. Bc4 e6 6. Qe2 Nb6 7. Bb3 Nf6 8.
O-O a5 9. a4 Be7 10. d3 Qc7 11. Bd2 Nbd5 12. Nxf6+ Bxf6 13. c3 O-O 14. Rae1 b6
15. Ne5 Bxe5 16. Qxe5 Qxe5 17. Rxe5 Ba6 18. Bc2 Rfd8 19. Rd1 c5 20. Ree1 Rac8
21. Bc1 Rd7 22. d4 cxd4 23. Rxd4 Rdc7 24. Be3 h6 25. f3 Nxe3 26. Rxe3 Kf8 27.
Kf2 Ke7 28. f4 Rc5 29. Re1 Rd8 30. Rxd8 Kxd8 31. Rd1+ Ke7 32. Rd4 Rh5 33. Bd1
Rc5 34. Bf3 f5 35. Be2 1/2-1/2

[Event "Stuttgarter Stadtmeisterschaft A-Turnie"]
[Site "Ditzingen"]
[Date "2009.05.21"]
[Round "3.27"]
[White "Kunze, Holger"]
[Black "Schuster, Gerhard"]
[Result "1-0"]
[WhiteElo "2174"]
[BlackElo "2038"]
[PlyCount "71"]
[EventDate "2009.??.??"]

1. d4 Nf6 2. Nf3 b6 3. c4 e6 4. g3 Bb7 5. Bg2 Be7 6. O-O O-O 7. Re1 d5 8. Ne5
Nbd7 9. Nc3 h6 10. Bf4 Bb4 11. Qb3 Bxc3 12. Qxc3 Nxe5 13. dxe5 Ne4 14. Qc2 Qe7
15. Rac1 Qc5 16. Be3 d4 17. Bf4 f5 18. exf6 Nxf2 19. b4 Qh5 20. Bxb7 Ng4 21. e3
d3 22. Qd2 Rab8 23. Bf3 Qxh2+ 24. Qxh2 Nxh2 25. Kxh2 d2 26. fxg7 Kxg7 27. Kg2
Rf5 28. Bg4 Rf7 29. Rcd1 dxe1=Q 30. Rxe1 Re7 31. Rh1 e5 32. Bxh6+ Kg6 33. e4
Rd8 34. Bf5+ Kf6 35. Rh5 Rg8 36. g4 {Zeit} 1-0

[Event "Stuttgarter Stadtmeisterschaft A-Turnie"]
[Site "Ditzingen"]
[Date "2009.05.21"]
[Round "3.28"]
[White "Junginger, Andreas"]
[Black "Baumstark, Thomas"]
[Result "1/2-1/2"]
[WhiteElo "2044"]
[BlackElo "2163"]
[PlyCount "46"]
[EventDate "2009.??.??"]

1. e4 c5 2. c3 d6 3. d4 Nf6 4. Bd3 Nc6 5. d5 Ne5 6. Bc2 g6 7. f4 Nc4 8. b3 Nb6
9. Bb2 Bg7 10. c4 O-O 11. Nf3 e6 12. O-O exd5 13. cxd5 Re8 14. Re1 Bg4 15. Nbd2
Rc8 16. Bd3 Nfxd5 17. Bxg7 Nxf4 18. Bb5 Kxg7 19. Bxe8 Qxe8 20. h3 Bxf3 21. Nxf3
Qc6 22. Qd2 Ne6 23. Qb2+ f6 1/2-1/2

[Event "Stuttgarter Stadtmeisterschaft A-Turnie"]
[Site "Ditzingen"]
[Date "2009.05.21"]
[Round "3.29"]
[White "Guballa, Jens"]
[Black "Daubenfeld, Gilles"]
[Result "1-0"]
[WhiteElo "2033"]
[BlackElo "2151"]
[PlyCount "121"]
[EventDate "2009.??.??"]

1. d4 Nf6 2. c4 e6 3. g3 d5 4. Bg2 Be7 5. Nf3 O-O 6. Qc2 b6 7. O-O Bb7 8. Ne5
c5 9. dxc5 Bxc5 10. Nc3 Qc7 11. Bf4 Qe7 12. cxd5 exd5 13. Rfd1 Na6 14. Nd3 Rfd8
15. Nxc5 bxc5 16. Bg5 Nc7 17. Rac1 Rac8 18. Qa4 a6 19. Qa5 Ba8 20. Bxf6 gxf6
21. Rd2 d4 22. Na4 Bxg2 23. Kxg2 Ne6 24. Qxa6 Rb8 25. b3 Rdc8 26. Rdc2 Qd7 27.
Qd3 Rc7 28. h4 Qd5+ 29. Qf3 Qxf3+ 30. Kxf3 d3 31. Rc4 dxe2 32. Kxe2 Rbc8 33.
Kf1 Kg7 34. Nb6 Rd8 35. b4 Rd6 36. bxc5 Rxc5 37. Rxc5 Nxc5 38. Nc8 Rd5 39. Ne7
Re5 40. Nc6 Nd3 41. Rd1 Rc5 42. Rxd3 Rxc6 43. a4 Rc1+ 44. Ke2 Ra1 45. Rd4 Ra3
46. Rf4 Rb3 47. Kd2 Ra3 48. Kc2 Ra2+ 49. Kb3 Ra1 50. Kb2 Rd1 51. a5 Rd2+ 52.
Kb3 Rd3+ 53. Kb4 Rd6 54. Kc5 Re6 55. Ra4 Re5+ 56. Kd4 Re7 57. a6 f5 58. Kc5
Re5+ 59. Kd6 Re6+ 60. Kd7 Re2 61. a7 1-0

[Event "Stuttgarter Stadtmeisterschaft A-Turnie"]
[Site "Ditzingen"]
[Date "2009.05.21"]
[Round "3.31"]
[White "Siegle, Florian"]
[Black "Lange, Jan-David"]
[Result "0-1"]
[WhiteElo "2013"]
[BlackElo "2122"]
[PlyCount "72"]
[EventDate "2009.??.??"]

1. d4 Nf6 2. Nf3 g6 3. c3 Bg7 4. g3 d6 5. Bg2 O-O 6. O-O c6 7. Re1 Qc7 8. e4 e5
9. Bg5 h6 10. Bxf6 Bxf6 11. Nbd2 Be6 12. Qe2 Nd7 13. Nc4 Rab8 14. Rad1 b5 15.
Nxd6 Bxa2 16. Qc2 Qxd6 17. dxe5 Qe6 18. Nd4 Qxe5 19. b3 Bxb3 20. Qxb3 c5 21. f4
Qc7 22. e5 cxd4 23. cxd4 Be7 24. e6 Nf6 25. Rc1 Qd6 26. Kh1 Kg7 27. d5 a5 28.
Rc6 Qb4 29. Qd1 Rbd8 30. Rc7 Nxd5 31. Rd7 Nf6 32. Qa1 Rxd7 33. exd7 Rd8 34. Re4
Qa3 35. Qe5 Rxd7 36. h3 Qxg3 0-1

[Event "Stuttgarter Stadtmeisterschaft A-Turnie"]
[Site "Ditzingen"]
[Date "2009.05.21"]
[Round "3.32"]
[White "Meyner, Hannes"]
[Black "Arounopoulos, Stephan"]
[Result "1/2-1/2"]
[WhiteElo "2122"]
[BlackElo "1998"]
[PlyCount "45"]
[EventDate "2009.??.??"]

1. d4 Nf6 2. Nf3 g6 3. c4 Bg7 4. Nc3 O-O 5. e4 d6 6. Be2 e5 7. Be3 Na6 8. d5
Ng4 9. Bg5 f6 10. Bh4 h5 11. Nd2 c5 12. h3 Nh6 13. g4 hxg4 14. hxg4 Nf7 15. Qb3
Bh6 16. Nd1 Kg7 17. a3 Rh8 18. Qf3 Bf4 19. Ne3 Bd7 20. O-O-O Qe7 21. Rdg1 Ng5
22. Bxg5 fxg5 23. Ng2 1/2-1/2

[Event "Stuttgarter Stadtmeisterschaft A-Turnie"]
[Site "Ditzingen"]
[Date "2009.05.21"]
[Round "3.33"]
[White "Nagelsdiek, Michael"]
[Black "Braun, Georg"]
[Result "1-0"]
[WhiteElo "2120"]
[BlackElo "1990"]
[PlyCount "115"]
[EventDate "2009.??.??"]

1. d4 Nf6 2. Nf3 g6 3. Bf4 Bg7 4. e3 d6 5. Be2 O-O 6. O-O Nfd7 7. c4 Qe8 8. Nc3
e5 9. Bg3 f5 10. Qd2 Qf7 11. Ng5 Qe8 12. c5 Nf6 13. cxd6 cxd6 14. Nb5 Qe7 15.
Qb4 Ne8 16. Bc4+ Kh8 17. f4 Nc6 18. Qa3 a6 19. dxe5 axb5 20. Qxa8 bxc4 21. Qxc8
dxe5 22. Qe6 exf4 23. Qxe7 Nxe7 24. Bxf4 Bxb2 25. Rab1 c3 26. Be5+ Kg8 27. Ne6
Rf7 28. Nd8 Rf8 29. Nxb7 Nc6 30. Bxc3 Bxc3 31. Rfc1 Nd4 32. Kf2 Nf6 33. exd4
Ne4+ 34. Ke3 Bd2+ 35. Kd3 Bxc1 36. Rxc1 Ra8 37. Rc2 Ra3+ 38. Kc4 Kf7 39. Nc5
Ke7 40. Kb4 Ra8 41. a4 Kd6 42. a5 Kd5 43. Nb3 f4 44. Rc7 h5 45. Rd7+ Kc6 46.
Re7 Rb8+ 47. Ka3 Nd6 48. Rg7 Nb5+ 49. Ka2 Nc3+ 50. Kb2 Ne2 51. Rxg6+ Kb5 52.
Kc2 Ka4 53. Rb6 Rg8 54. Kd3 Ng1 55. a6 h4 56. Nc5+ Ka5 57. Rb2 f3 58. Kc4 1-0

[Event "Stuttgarter Stadtmeisterschaft A-Turnie"]
[Site "Ditzingen"]
[Date "2009.05.21"]
[Round "3.34"]
[White "Braun, Joachim"]
[Black "Wenninger, Philipp"]
[Result "1-0"]
[WhiteElo "2114"]
[BlackElo "1984"]
[PlyCount "71"]
[EventDate "2009.??.??"]

1. e4 c6 2. d4 d5 3. exd5 cxd5 4. c4 Nf6 5. Nc3 e6 6. Nf3 Be7 7. c5 O-O 8. Bd3
Nc6 9. O-O b6 10. Bb5 Bb7 11. Bxc6 Bxc6 12. Ne5 Qc8 13. b4 bxc5 14. bxc5 Nd7
15. Bf4 Bf6 16. Nxc6 Qxc6 17. Bd6 Rfe8 18. Rb1 Rac8 19. Nb5 Qa6 20. Nc7 Rxc7
21. Bxc7 Qc4 22. Rc1 Qxd4 23. Qxd4 Bxd4 24. Bd6 Be5 25. c6 Bxd6 26. cxd7 Rd8
27. Rc8 Be7 28. Rb1 f6 29. Rbb8 Kf7 30. Rxd8 Bxd8 31. Rxd8 Ke7 32. Ra8 Kxd7 33.
Rxa7+ Kd6 34. Rxg7 d4 35. Rxh7 d3 36. Rh3 1-0

[Event "Stuttgarter Stadtmeisterschaft A-Turnie"]
[Site "Ditzingen"]
[Date "2009.05.21"]
[Round "3.35"]
[White "Bräunlin, Klaus"]
[Black "Schmid, Eugen"]
[Result "1/2-1/2"]
[WhiteElo "2109"]
[BlackElo "1944"]
[PlyCount "124"]
[EventDate "2009.??.??"]

1. e4 e6 2. d4 d5 3. Nd2 Nf6 4. e5 Nfd7 5. Ngf3 c5 6. c3 Nc6 7. Be2 cxd4 8.
cxd4 Qb6 9. Nb3 a5 10. a4 Bb4+ 11. Kf1 Be7 12. h4 h6 13. Be3 Ndb8 14. Rh3 Na6
15. Rc1 Nab4 16. Bb5 Bd7 17. Nc5 Bxc5 18. Rxc5 Na6 19. Rc1 Ncb4 20. Bxd7+ Kxd7
21. Bd2 Nc6 22. Bc3 Nab4 23. Ne1 Qa6+ 24. Kg1 Raf8 25. h5 Rhg8 26. Bxb4 Nxb4
27. Rc5 b6 28. Rb5 Rc8 29. Nd3 Nc2 30. Nc1 -- 31. Nb3 -- 32. Nd2 -- 33. Nb1 {
Dieser nicht ganz korrekte Zug wurde scheinbar von beiden Partien wohlwollend
akzeptiert.} Rc4 34. b3 Rcc8 35. Kh2 Ke7 36. f4 f5 37. exf6+ gxf6 38. f5 Rg5
39. fxe6 Kxe6 40. Qe2+ Kf7 41. Qf2 Qb7 42. Nc3 Nb4 43. Qf4 Qc6 44. Qf3 Rcg8 45.
g3 Rc8 46. Ne2 Nc2 47. Qd3 Kg7 48. Nf4 Nb4 49. Qd2 Qd6 50. Qe1 Kf7 51. Kh1 Re8
52. Qb1 Rd8 53. Qc1 Na6 54. Rh2 Nc7 55. Rg2 Nxb5 56. axb5 Qd7 57. Qc6 Qxc6 58.
bxc6 Rc8 59. Rc2 Ke7 60. Re2+ Kf7 61. Rc2 Ke7 62. Re2+ Kf7 1/2-1/2

[Event "Stuttgarter Stadtmeisterschaft A-Turnie"]
[Site "Ditzingen"]
[Date "2009.05.21"]
[Round "3.36"]
[White "Yin, Zixiao"]
[Black "König, Dirk"]
[Result "1-0"]
[WhiteElo "1932"]
[BlackElo "2108"]
[PlyCount "77"]
[EventDate "2009.??.??"]

1. g3 d5 2. c3 e5 3. Na3 Nc6 4. Nc2 f5 5. d3 Nf6 6. Bg2 Bd6 7. Bg5 Be6 8. Nf3
O-O 9. O-O Qe8 10. Nd2 Qh5 11. Bxf6 Rxf6 12. e4 Qf7 13. exf5 Bxf5 14. Ne3 Be6
15. c4 dxc4 16. Ne4 Rg6 17. dxc4 Kh8 18. c5 Be7 19. f4 exf4 20. Rxf4 Qg8 21. a3
Rd8 22. Qf1 Bb3 23. Kh1 Ne5 24. Nf5 Bf8 25. Qb5 Nd3 26. Rf3 Bc4 27. Qxb7 Re8
28. Nh4 Rg4 29. Raf1 Bd5 30. Qxd5 Qxd5 31. Rxf8+ Qg8 32. Rxg8+ Kxg8 33. Nc3
Nxc5 34. Bd5+ Kh8 35. Rf7 Rd4 36. Nf3 Rd3 37. Rxc7 Na4 38. Bc6 Nxc3 39. Bxe8
1-0